stay done - Tate McRae - Statistics

General Stats
  • This quiz has been taken 11 times
  • The average score is 214 of 275
Answer Stats
% Correct
can't
100%
do
100%
Go
100%
I
100%
I'm
100%
so
100%
You
100%
you
100%
you,
100%
you're
100%
a
83%
back
83%
best
83%
break
83%
done
83%
enemies
83%
friends
83%
in
83%
it
83%
I've
83%
just
83%
know
83%
me
83%
me,
83%
my
83%
(Oh,
83%
stay
83%
still
83%
to
83%
To
83%
up
83%
we
83%
we're
83%
We're
83%
when
83%
When
83%
with
83%
Yeah,
83%
yeah
83%
yeah)
83%
always
67%
and
67%
as
67%
at
67%
bed,
67%
bottom
67%
bullshit
67%
But
67%
'cause
67%
dumb
67%
end
67%
eyes
67%
from
67%
gonna
67%
good
67%
gotta
67%
Hate
67%
hate
67%
have
67%
if
67%
kill
67%
mad
67%
makeup
67%
off
67%
realize
67%
rock
67%
should
67%
side
67%
somethin'
67%
take
67%
that
67%
that?
67%
the
67%
The
67%
this
67%
till
67%
times
67%
wake
67%
wanna
67%
Wish
67%
would
67%
wrong
67%
again
50%
awe
50%
been
50%
call
50%
cordial
50%
dead
50%
get
50%
"Goodbye,"
50%
her
50%
here
50%
high
50%
high's
50%
hit
50%
hundred
50%
isn't
50%
less
50%
like,
50%
like
50%
million
50%
morals
50%
normal
50%
nothing
50%
one
50%
really
50%
runnin'
50%
sound
50%
street
50%
talkin'
50%
than
50%
That's
50%
thing
50%
told
50%
tryna
50%
twice
50%
way
50%
Why'd
50%
No matching quizzes found
Score Distribution
Percent of People with Each Score
Percentile by Number Answered
Your Score History
You have not taken this quiz